| Tag |
First Indicator |
Second Indicator |
Subfields |
| LEADER |
00000cam a2200000 i 4500 |
| 001 |
in00000033004 |
| 005 |
20151007055103.0 |
| 008 |
800313s1979 cc c 00011 eng d |
| 035 |
|
|
|a (OCoLC)06079818
|
| 035 |
|
|
|9 AAB7211AM
|
| 040 |
|
|
|a WAU
|c WAU
|d OCL
|d TXA
|d UtOrBLW
|
| 041 |
1 |
|
|a eng
|a chi
|
| 049 |
|
|
|a TXAM
|c [A11497576]
|
| 050 |
|
4 |
|a PL2801.N2
|b C4713 1979
|
| 100 |
1 |
|
|a Mao, Dun,
|d 1896-1981.
|
| 240 |
1 |
0 |
|a Chʻun tsʻan. English
|
| 245 |
1 |
0 |
|a Spring silkworms, and other stories /
|c by Mao Tun [as printed].
|
| 250 |
|
|
|a 2d ed.
|
| 264 |
|
1 |
|a Peking :
|b Foreign Languages Press,
|c 1979.
|
| 300 |
|
|
|a iii, 237 pages :
|b portrait ;
|c 22 cm.
|
| 336 |
|
|
|a text
|b txt
|2 rdacontent
|
| 337 |
|
|
|a unmediated
|b n
|2 rdamedia
|
| 338 |
|
|
|a volume
|b nc
|2 rdacarrier
|
| 500 |
|
|
|a Translation of Chʻun tsʻan.
|
| 999 |
|
|
|a MARS
|
| 999 |
f |
f |
|s 05e0a57d-8de0-31a3-8446-28ff2000b2a7
|i a027d12d-47c1-3f61-814f-32ad47d31852
|t 0
|
| 952 |
f |
f |
|p ric
|a Texas A&M University
|b Rellis Campus
|c Joint Library Facility
|s JLF
|d Remote Storage
|t 0
|e PL2801.N2 C4713 1979
|h Library of Congress classification
|i unmediated -- volume
|m A14811497576
|
| 998 |
f |
f |
|a PL2801.N2 C4713 1979
|t 0
|l Remote Storage
|